000 00826cab a2200253 4500
001 WB3410-22
008 090401t1998 xxu||||| |||| 00| 0 eng d
035 _a(Sirsi) u84834
041 _aeng
245 _aClosure threat over timebomb
260 _c1998
350 _a0
490 _aFinancial Times
_v12 March 1998, 11(1)
520 _aThe Financial Services Authority warns banks and investment companies that, if they do not do enough to cope with the millennium bomb, it will shut them down or stop them from taking on new business.
650 _aBANKS
650 _aCOMPUTERS
650 _aFINANCIAL COMPANIES
650 _aINVESTMENT COMPANIES
650 _aMILLENNIUM BUG
650 _aYEAR 2000 CONFORMITY
690 _aPROPERTY-PROPERTY FINANCE AND INVESTMENT
942 _n0
948 _c12/03/1998
999 _c53344
_d53344